000 00305nam a22001217a 4500
999 _c4910
_d4910
008 250422b ||||| |||| 00| 0 eng d
020 _a9780603569081
082 _a823.914 HEA
100 _aHEAGREAVES,ROGER
_eAUTHOR
245 _aLITTLE MISS NAUGHTY
260 _aGREAT BRITAIN
_bEGMONT
_c2013
942 _2ddc